000 00262nam a2200109Ia 4500
008 150531s2010 xx 000 0 und d
100 _aKUMAR, HITESH
245 _aBASEMENT MEMBRANE IN HEALTH AND DISASE
260 _c2010
650 _aDENTISTRY
942 _2ddc
_cTH
999 _c7549
_d7549